Korisť [2]

Bibliographic Details
Main Author: Fukuda, Andrew (Author)
Other Authors: Horská, Eva, 1940- (Translator)
Format: Book
Language:Slovak
English
Published: Bratislava Fragment 2014
Edition:1. vyd.
Series:Young adults
Subjects:

MARC

LEADER 00000cam a2200000 a 4500
001 vtls010626358
003 SK-MaSNL
005 20260301183308.0
008 240315s2014 xo d 000 f slo
015 |a SNBA2014/11 
020 |a 9788080899448  |q (brož.) 
035 |a B3E79ED6-6761-443B-84C0-4B92D8EA634A 
035 |a urn:nbn:sk:snk-amjot6 
035 |a urn:nbn:sk:snk-am001sny 
040 |a SNK  |b slo  |c SNK  |e AACR2 
041 1 |a slo  |h eng 
044 |a xo  |c SK 
072 7 |a 821.111(73)-3  |x Americká próza  |2 konspekt 
072 7 |a 821-93  |x Literatúra pre deti a mládež (beletria)  |2 konspekt 
080 |a 821.111(73)-31  |2 2001 
080 |a (0:82-312.4)  |2 2001 
080 |a 821-93  |2 2001 
100 1 |a Fukuda, Andrew  |4 aut  |9 167963 
240 1 4 |a The Prey  |l Slovensky 
245 1 0 |a Korisť  |n [2]  |c Andrew Fukuda ; [preklad Eva Horská] 
250 |a 1. vyd. 
260 |a Bratislava  |b Fragment  |c 2014 
300 |a 302 s.  |c 21 cm 
490 1 |a Young adults 
655 7 |a americké romány  |2 SNKPH  |9 1174 
655 7 |a trilery (romány)  |2 SNKPH  |9 151146 
655 7 |a publikácie pre mládež  |2 SNKPH  |9 70434 
655 7 |a American fiction  |2 SNKPHeng  |9 281076 
655 7 |a Thrillers (novels)  |2 SNKPHeng  |9 310918 
655 7 |a Juvenile literature  |2 SNKPHeng  |9 278419 
700 1 |a Horská, Eva,  |d 1940-  |4 trl  |9 90089 
830 0 |a Young adults  |9 340898 
919 |a 978-80-8089-944-8 
958 |a LX 
958 |a UP 
968 |b ENG 
999 |c 856496  |d 858426 
952 |a SNK  |b SNK  |y PREZ  |7 0  |p 17A1119330  |o snkSC 160089/2  |i snk2014/24432  |8 0  |0 0  |1 0  |4 0  |d 2014-11-07  |f 1  |l 0  |r 2025-08-22 00:00:00  |w 2026-02-24 
952 |a SNK  |b SNK  |y VYP  |7 0  |p 17A1119331  |o snkSC 160089/2 D1  |i snk2014/24433  |8 0  |0 0  |1 0  |4 0  |d 2014-11-07  |l 0  |r 2026-02-24 04:59:19  |w 2026-02-24